La instrucción de la violencia de género. El equilibrio entre la persecución del delito y las garantías del proceso

Saved in:
Bibliografiske detaljer
Main Authors: Alamo González, Daniel Pedro (Author), Sánchez Villalba, Alicia (Author)
Format: Bog
Sprog:spansk
Udgivet: Madrid, España Wolters Kluwer 2018
Serier:Temas
Fag:
Tags: Tilføj Tag
Ingen Tags, Vær først til at tagge denne postø!

MARC

LEADER 00000cam a2200000 a 4500
001 UCC7923
003 CL-VaPUC
005 20250130111153.0
008 190520e20180000sp |||||||||||||||||spa|d
999 |c 374436  |d 374434 
020 |a 9788490207338 
020 |a 849020733X 
040 |c Pontificia Universidad Católica de Valparaíso 
082 0 4 |a 364.15553 ALA 2018  |2 21 
100 0 |a Alamo González, Daniel Pedro  |e author  |9 602673 
245 1 3 |a La instrucción de la violencia de género.  |b El equilibrio entre la persecución del delito y las garantías del proceso 
260 |a Madrid, España  |b Wolters Kluwer  |c 2018 
300 |a 436 páginas 
440 |a Temas  |9 856670 
583 |a last modification  |c 20190520 16:29:00  |k Rodrigo Vera 
650 0 |a Violencia intrafamiliar  |9 312986 
650 0 |a Violencia de género   |9 535002 
650 0 |a Mujeres maltratadas  |9 328273 
700 0 |a Sánchez Villalba, Alicia  |e author  |9 602674 
852 |a BIBDER 
942 |c BK  |2 ddc 
945 |d 20190520 16:29:00  |a dcastane 
952 |0 0  |1 0  |3 erb  |4 0  |6 364_155530000000000_ALA_2018  |7 0  |8 A  |9 492962  |a BIBDER  |b BIBDER  |d 2019-05-09  |e 2  |g 86042.00  |i 5549701  |l 4  |m 1  |o 364.15553 ALA 2018  |p 5549701  |r 2024-09-16  |s 2024-09-16  |w 2019-11-24  |y BK  |z Catalogado en:20190520  |k DER